[Event "Split rapid op 6th"]
[Site "Split"]
[Date "2024.08.08"]
[Round "6"]
[White "Mihaljevic, Eva"]
[Black "Batinic, Marijan"]
[Result "1-0"]
[WhiteElo "1920"]
[BlackElo "1828"]
[PlyCount "87"]
[EventDate "2024.08.08"]
[EventType "swiss (rapid)"]
[EventRounds "7"]
[EventCountry "CRO"]
[SourceTitle "CBM 221 Extra"]
[Source "ChessBase"]
[SourceDate "2024.09.30"]
[SourceVersion "1"]
[SourceVersionDate "2024.09.30"]
[SourceQuality "1"]

1. d4 d5 2. Bf4 e6 3. e3 Nf6 4. c3 b6 5. Nd2 Bb7 6. Bd3 Nbd7 7. Ngf3 c5 8. Ne5 cxd4 9. exd4 Be7 10. h3 Nxe5 11. dxe5 Nd7 12. Qg4 g6 13. h4 Qc7 14. Qe2 Nc5 15. Bc2 Ba6 16. Qf3 Nd7 17. Qg3 h5 18. Nb3 Nc5 19. Nd4 0-0-0 20. 0-0-0 Qd7 21. Kb1 Kb7 22. Qf3 Ka8 23. Be3 Bb7 24. Qxf7 Qe8 25. Bxg6 Qxf7 26. Bxf7 Bc8 27. Nc6 Rde8 28. Bxe8 Rxe8 29. Nxe7 Rxe7 30. Bxc5 bxc5 31. Rd3 Rf7 32. Rf3 Rg7 33. g3 Ba6 34. Kc2 Be2 35. Rf6 Re7 36. f3 c4 37. Rg1 a5 38. g4 a4 39. a3 hxg4 40. fxg4 Rg7 41. g5 Bd3+ 42. Kc1 Bf5 43. h5 Kb7 44. g6 1-0